| 000 | 00840nam a2200253 a 4500 | ||
|---|---|---|---|
| 005 | 20250704063920.0 | ||
| 008 | 991125s2000 ea 000 0 eng u | ||
| 020 | _a0821345672 | ||
| 035 | _aUPN01000179777 | ||
| 049 | _aCG | ||
| 050 | 4 |
_aHQ778.5 _bE9.3 |
|
| 100 | 1 |
_aEvans, Judith L., _d1941- _938226 |
|
| 245 | 1 | 0 |
_aEarly childhood counts : _ba programming guide on early childhood care for development / _cJudith L. Evans, Robert G. Myers, Ellen M. Ilfeld. |
| 260 |
_aWashington, D.C. : _bThe World Bank, _c2000. |
||
| 300 | _a412 p. | ||
| 440 | 0 | _aWBI learning resources | |
| 650 | 4 |
_aCuidado del niño _96392 |
|
| 650 | 4 |
_aDesarrollo infantil _9176 |
|
| 650 | 4 |
_aEducación de la primera infancia _96933 |
|
| 700 | 1 |
_aMyers, Robert G., _ecoaut. |
|
| 700 | 1 |
_aIlfeld, Ellen M., _ecoaut. |
|
| 905 | _aLibro | ||
| 999 |
_c151880 _d151880 |
||